| 000 | 00623nam a2200229 a 4500 | ||
|---|---|---|---|
| 005 | 20210219153200.0 | ||
| 008 | 991125n 000 0 eng u | ||
| 035 | _aUPN01000082652 | ||
| 100 | _aWoodsworth, Anne | ||
| 222 | _aLIBRARY TRENDS | ||
| 245 | _aThe information job family : results of an exploratory study | ||
| 300 | _a250-268 | ||
| 362 | _a1992 41, no. 2 | ||
| 653 | 0 | _aANALISIS DEL TRABAJO | |
| 653 | 0 | _aBIBLIOTECARIOS | |
| 653 | 0 | _aCENTROS DE COMPUTO | |
| 653 | 0 | _aTECNOLOGIA DE INFORMACION | |
| 700 | _aMaylone, Theresa | ||
| 700 | _aSywak, Myron | ||
| 904 |
_aAC _b020463 |
||
| 905 | _aArticulo | ||
| 999 |
_c70438 _d70438 |
||